10 biggest Cities - New Mexico - Statistics

General Stats
  • This quiz has been taken 16 times
  • The average score is 5 of 10
Answer Stats
Inhabitants City % Correct
562.599 Albuquerque
100%
112.914 Las Cruces
92%
88.193 Santa Fe
92%
48.081 Roswell
67%
31.888 Carlsbad
42%
46.422 Farmington
42%
37.988 Clovis
25%
39.756 Hobbs
25%
105.834 Rio Rancho
25%
38.000 South Valley
0%
No matching quizzes found
Score Distribution
Percent of People with Each Score
Percentile by Number Answered
Your Score History
You have not taken this quiz